Vista normal
Vista MARC
Entrada Meeting Name
Número de registros utilizados en: 1
001 - CONTROL NUMBER
- control field: 41730
003 - CONTROL NUMBER IDENTIFIER
- control field: OSt
005 - DATE AND TIME OF LATEST TRANSACTION
- control field: 20211206120929.0
008 - FIXED-LENGTH DATA ELEMENTS
- fixed length control field: 211206|| aca||aabn | a|a d
040 ## - CATALOGING SOURCE
- Original cataloging agency: OSt
- Transcribing agency: OSt
111 ## - HEADING--MEETING NAME
- Meeting name or jurisdiction name as entry element: Congreso Nacional de Comerciantes
- Location of meeting: Cúcuta, Colombia)
- Number of part/section/meeting: (36 °:
- Date of meeting or treaty signing: 1981
670 ## - SOURCE DATA FOUND
- Source citation: Work cat.: (OSt)12840: Congreso Nacional de Comerciantes Cúcuta, Colombia) (36 °: 1981: , El empleo, el contrabando, la finanzas publicas y la integración fronteriza : , 1981.